[Event "Titled Tue 24th Jun Late"]
[Site "chess.com INT"]
[Date "2025.06.24"]
[Round "1"]
[White "Murzin, Volodar"]
[Black "Szabo, Marcell"]
[Result "1-0"]
[WhiteTitle "GM"]
[WhiteElo "2666"]
[BlackElo "1937"]
[WhiteFideId "44155573"]
[BlackFideId "2072033"]
[EventDate "2025.06.24"]

1. e4 c6 2. d4 d5 3. exd5 cxd5 4. Bd3 Nf6 5. c3 Nc6 6. Bf4 Be6 7. Nd2 g6 8. Ngf3
Bg4 9. Qb3 Qb6 10. Qxb6 axb6 11. Ne5 Nxe5 12. Bxe5 Bg7 13. Bc7 Nd7 14. Bb5 O-O
15. h3 Be6 16. O-O Rfc8 17. Bf4 Nf8 18. Rfe1 h6 19. Nf3 g5 20. Bg3 Bf6 21. Ne5
Kg7 22. Ng4 Bd7 23. Nxf6 exf6 24. Bxd7 Nxd7 25. Re7 Nf8 26. Rxb7 Rc6 27. Bc7 Ra6
28. a3 Ne6 29. Bg3 Kg6 30. Re1 h5 31. h4 Ra8 32. f3 Rf8 33. hxg5 Kxg5 34. Rd7
Rd8 35. Rxe6 1-0

[Event "Titled Tue 24th Jun Late"]
[Site "chess.com INT"]
[Date "2025.06.24"]
[Round "1"]
[White "Garcia Hernandez, Rebeca"]
[Black "Ezat, Mohamed"]
[Result "0-1"]
[WhiteTitle "WCM"]
[BlackTitle "IM"]
[WhiteElo "1904"]
[BlackElo "2299"]
[WhiteFideId "5180872"]
[BlackFideId "10600906"]
[EventDate "2025.06.24"]

1. Nf3 Nf6 2. g3 g6 3. Bg2 Bg7 4. O-O O-O 5. d4 d6 6. b3 e5 7. dxe5 Nfd7 8. Bb2
Nc6 9. c4 dxe5 10. Nc3 e4 11. Ne1 e3 12. fxe3 Re8 13. Nc2 Nce5 14. Qd2 c6 15.
Rad1 Qe7 16. Kh1 Nc5 17. Ba3 Ng4 18. e4 Qe5 19. Bb2 Qh5 20. h4 h6 21. Na4 Bxb2
22. Nxb2 Qe5 0-1

[Event "Titled Tue 24th Jun Late"]
[Site "chess.com INT"]
[Date "2025.06.24"]
[Round "1"]
[White "Zhigalko, Sergei"]
[Black "Sroczynski, Maciej"]
[Result "1-0"]
[WhiteTitle "GM"]
[BlackTitle "FM"]
[WhiteElo "2572"]
[BlackElo "2236"]
[WhiteFideId "13502956"]
[BlackFideId "1121472"]
[EventDate "2025.06.24"]

1. e4 c5 2. Nf3 Nc6 3. c3 Nf6 4. e5 Nd5 5. Bc4 Nb6 6. Bb3 d5 7. exd6 Qxd6 8. O-O
c4 9. Bc2 Bg4 10. Re1 e6 11. b3 Be7 12. Na3 cxb3 13. axb3 O-O 14. Nc4 Nxc4 15.
bxc4 b6 16. d4 Bh5 17. Be4 Rac8 18. Qa4 Na5 19. c5 Qc7 20. Ne5 Bxc5 21. dxc5
Qxc5 22. Ba3 Qxc3 23. Bxf8 Rxf8 24. Rac1 Qd2 25. Qc2 Qd4 26. Bxh7+ Kh8 27. Bd3
Nb7 28. Nc6 Qd6 29. Nxa7 Nc5 30. Bf1 Ra8 31. Nb5 Bg6 32. Nxd6 1-0

[Event "Titled Tue 24th Jun Late"]
[Site "chess.com INT"]
[Date "2025.06.24"]
[Round "1"]
[White "Bouchet, Sebastien"]
[Black "Jumabayev, Rinat"]
[Result "0-1"]
[WhiteTitle "CM"]
[BlackTitle "GM"]
[WhiteElo "2180"]
[BlackElo "2546"]
[WhiteFideId "623571"]
[BlackFideId "13702661"]
[EventDate "2025.06.24"]

1. e4 c5 2. c3 Nf6 3. e5 Nd5 4. d4 cxd4 5. Nf3 e6 6. cxd4 d6 7. Bc4 Nb6 8. Bb3
dxe5 9. Nxe5 N8d7 10. O-O Nxe5 11. dxe5 Qxd1 12. Rxd1 Bd7 13. Nc3 Bc6 14. a4 Bb4
15. Nb5 O-O 16. Nd4 Bd5 17. Bc2 Rfc8 18. Bb1 a6 19. h4 Nc4 20. f4 Rd8 21. Kh2
Rac8 22. b3 Na5 23. Bb2 Bxb3 24. Nxb3 0-1

[Event "Titled Tue 24th Jun Late"]
[Site "chess.com INT"]
[Date "2025.06.24"]
[Round "1"]
[White "Goldbeck, Lars"]
[Black "Schernthaner, David"]
[Result "1-0"]
[WhiteTitle "FM"]
[BlackTitle "FM"]
[WhiteElo "2391"]
[BlackElo "2401"]
[WhiteFideId "16208188"]
[BlackFideId "1649574"]
[EventDate "2025.06.24"]

1. e4 a6 2. d4 g6 3. Nf3 b5 4. a4 b4 5. Bc4 Bb7 6. O-O Bg7 7. Re1 d6 8. c3 bxc3
9. Qb3 cxb2 10. Bxb2 Bc8 11. Bxf7+ Kf8 12. Bxg8 Rxg8 13. Ng5 e6 14. Qf3+ Bf6 15.
e5 dxe5 16. dxe5 Ra7 17. Nxh7+ Kg7 18. exf6+ Kf7 19. Ng5+ Kf8 20. Ba3+ Ke8 21.
f7+ Kd7 22. Rd1# 1-0

[Event "Titled Tue 24th Jun Late"]
[Site "chess.com INT"]
[Date "2025.06.24"]
[Round "1"]
[White "Al-Tarboush, Ward"]
[Black "Pontes, Luiz Felizola Lima"]
[Result "1-0"]
[WhiteTitle "FM"]
[WhiteElo "2223"]
[BlackElo "2062"]
[WhiteFideId "7601450"]
[BlackFideId "44709919"]
[EventDate "2025.06.24"]

1. e4 e5 2. Nf3 Nc6 3. Bb5 a6 4. Ba4 Nf6 5. O-O b5 6. Bb3 Be7 7. d3 d6 8. a4 Bb7
9. axb5 axb5 10. Rxa8 Qxa8 11. Nc3 b4 12. Nd5 Nxd5 13. Bxd5 Na5 14. Bxb7 Nxb7
15. Bd2 c5 16. c3 bxc3 17. bxc3 O-O 18. Qb3 Rb8 19. Rb1 Bd8 20. h3 Bc7 21. Ng5
Nd8 22. Qc2 Rxb1+ 23. Qxb1 h6 24. Nf3 Ne6 25. Nh4 Kh7 26. Nf5 g6 27. Nxh6 Bd8
28. Nxf7 Kg7 29. Nxd6 Bg5 30. Bxg5 Nxg5 31. Qb7+ Qxb7 32. Nxb7 c4 33. dxc4 Nxe4
34. c5 Nxc3 35. c6 Nd5 36. Nc5 Nc7 37. h4 Kf6 38. g4 Ke7 39. h5 gxh5 40. gxh5
Kd6 41. h6 Ne8 42. h7 1-0

[Event "Titled Tue 24th Jun Late"]
[Site "chess.com INT"]
[Date "2025.06.24"]
[Round "1"]
[White "Rustemov, Alexander"]
[Black "Urbina Perez, Juan Antonio"]
[Result "1-0"]
[WhiteTitle "GM"]
[BlackTitle "FM"]
[WhiteElo "2525"]
[BlackElo "2221"]
[WhiteFideId "4119002"]
[BlackFideId "2217368"]
[EventDate "2025.06.24"]

1. d4 d5 2. c4 e6 3. cxd5 exd5 4. Nc3 c6 5. Bf4 Bd6 6. Bxd6 Qxd6 7. Qb3 Ne7 8.
Nf3 Nd7 9. e3 Rb8 10. Bd3 Nf6 11. O-O O-O 12. Rfc1 Bf5 13. Qc2 Bxd3 14. Qxd3 Qe6
15. b4 a6 16. a4 Ne4 17. b5 axb5 18. axb5 g6 19. Ne2 Nd6 20. bxc6 bxc6 21. Ne5
Rb6 22. Nf4 Qf5 23. Ra7 Qxd3 24. Nfxd3 Re8 25. g4 f6 26. Nd7 Rb7 27. Rxb7 Nxb7
28. Nxf6+ Kf7 29. Nxe8 Kxe8 30. Ne5 Nd8 31. Ra1 h5 32. h3 hxg4 33. hxg4 g5 34.
Ra8 1-0

[Event "Titled Tue 24th Jun Late"]
[Site "chess.com INT"]
[Date "2025.06.24"]
[Round "1"]
[White "Niemann, Hans Moke"]
[Black "Jammalamadaka, Vihaan"]
[Result "1-0"]
[WhiteTitle "GM"]
[BlackTitle "CM"]
[WhiteElo "2736"]
[BlackElo "2018"]
[WhiteFideId "2093596"]
[BlackFideId "30977134"]
[EventDate "2025.06.24"]

1. e4 c5 2. Nf3 e6 3. b3 b6 4. d4 cxd4 5. Nxd4 Bb7 6. Nd2 a6 7. Bb2 Nc6 8. Nxc6
Bxc6 9. Bd3 Nf6 10. Qe2 a5 11. a4 Bb4 12. O-O-O Qe7 13. Nc4 Bc5 14. g4 h6 15. h4
O-O-O 16. g5 hxg5 17. hxg5 Rxh1 18. Rxh1 Ne8 19. f4 d5 20. Ne5 Bb7 21. Kb1 Nd6
22. exd5 Bxd5 23. Rh7 Ne8 24. Be4 Kb7 25. c4 Bxe4+ 26. Qxe4+ Ka6 27. Qc6 Nd6 28.
Rxg7 Qb7 29. Qxb7+ Nxb7 30. Rxf7 Rd1+ 31. Kc2 Rh1 32. Nc6 Rh2+ 33. Kb1 Bd6 34.
g6 Rg2 35. g7 Nc5 36. Ra7# 1-0

[Event "Titled Tue 24th Jun Late"]
[Site "chess.com INT"]
[Date "2025.06.24"]
[Round "1"]
[White "Gomez Aguirre, Juan Alberto"]
[Black "Ward, Ieuan C"]
[Result "0-1"]
[WhiteTitle "FM"]
[WhiteElo "2310"]
[BlackElo "2043"]
[WhiteFideId "54587867"]
[BlackFideId "406627"]
[EventDate "2025.06.24"]

1. Nf3 e6 2. d4 d5 3. e3 Nf6 4. Bd3 c5 5. c3 Nc6 6. O-O Bd6 7. Nbd2 O-O 8. Qe2
Qc7 9. dxc5 Bxc5 10. e4 dxe4 11. Nxe4 Be7 12. Bg5 Nxe4 13. Qxe4 f5 14. Qe2 e5
15. Bc4+ Kh8 16. Bxe7 Qxe7 17. Rfe1 e4 18. Nd2 Qg5 19. f3 exf3 20. Nxf3 Qg4 21.
Ne5 Nxe5 22. Qxe5 Qxc4 23. Rad1 f4 24. Rd4 Qxa2 25. Rxf4 Rxf4 26. Qxf4 Be6 27.
Qd6 Bg8 28. Qb4 Qb3 29. Qd4 Qxb2 30. h3 Qb6 0-1

[Event "Titled Tue 24th Jun Late"]
[Site "chess.com INT"]
[Date "2025.06.24"]
[Round "1"]
[White "Sethuraman, Roshan"]
[Black "Vlassis, Georgios"]
[Result "1-0"]
[BlackTitle "FM"]
[WhiteElo "2074"]
[BlackElo "2005"]
[WhiteFideId "30965250"]
[BlackFideId "4203399"]
[EventDate "2025.06.24"]

1. e4 c5 2. Nf3 e6 3. d4 cxd4 4. Nxd4 Nf6 5. Nc3 Nc6 6. Ndb5 Bb4 7. Bf4 e5 8.
Bg5 a6 9. Nd6+ Ke7 10. Nf5+ Kf8 11. Ne3 Bxc3+ 12. bxc3 d6 13. Nd5 h6 14. Bxf6
gxf6 15. Bc4 Be6 16. O-O Na5 17. Bb3 Nxb3 18. cxb3 Rc8 19. c4 Rc5 20. Qf3 Bxd5
21. cxd5 Ke7 22. Rac1 Qc7 23. Qe3 Rc8 24. Rxc5 Qxc5 25. Qxh6 Qc2 26. Qe3 Rc7 27.
h4 Qxa2 28. h5 Qc2 29. h6 Rc8 30. h7 Rh8 31. Rc1 Qb2 32. Rc7+ Kd8 33. Rxf7 1-0

[Event "Titled Tue 24th Jun Late"]
[Site "chess.com INT"]
[Date "2025.06.24"]
[Round "1"]
[White "Ernst, Luca"]
[Black "Steinberg, Nitzan"]
[Result "0-1"]
[WhiteTitle "FM"]
[BlackTitle "GM"]
[WhiteElo "2215"]
[BlackElo "2554"]
[WhiteFideId "45117055"]
[BlackFideId "2801795"]
[EventDate "2025.06.24"]

1. e4 e6 2. d4 d5 3. exd5 exd5 4. Bd3 c5 5. c3 Nc6 6. Nf3 Bd6 7. dxc5 Bxc5 8.
O-O Nge7 9. Re1 h6 10. Be3 Bxe3 11. Rxe3 O-O 12. Nd4 Nxd4 13. cxd4 Nc6 14. Nc3
Be6 15. Bb5 Rc8 16. Bxc6 Rxc6 17. Qf3 Qb6 18. Nxd5 Bxd5 19. Qxd5 Qxb2 20. Rae1
Rcc8 21. Qb3 Qxb3 22. Rxb3 Rc7 23. g3 Rd8 24. Re4 b6 25. Kg2 g6 26. Kf3 Kg7 27.
Ke3 Rdd7 28. Kd3 Rc1 29. Rc3 Rd1+ 30. Ke3 f5 31. Re6 Re1+ 0-1

[Event "Titled Tue 24th Jun Late"]
[Site "chess.com INT"]
[Date "2025.06.24"]
[Round "1"]
[White "Bachmann, Axel"]
[Black "Bratovic, Blaz"]
[Result "1-0"]
[WhiteTitle "GM"]
[BlackTitle "IM"]
[WhiteElo "2570"]
[BlackElo "2319"]
[WhiteFideId "3700488"]
[BlackFideId "14603551"]
[EventDate "2025.06.24"]

1. e4 c5 2. Nf3 d6 3. d4 cxd4 4. Qxd4 Bd7 5. c4 Nc6 6. Qd2 Nf6 7. Nc3 g6 8. b3
Bg7 9. Bb2 O-O 10. Be2 a6 11. O-O Be6 12. Ng5 Bd7 13. Nd5 b5 14. cxb5 axb5 15.
Bxb5 Nxd5 16. exd5 Ne5 17. Bxd7 Qxd7 18. f4 Qa7+ 19. Kh1 Ng4 20. Bxg7 Kxg7 21.
h3 Nf6 22. Rfe1 Rfe8 23. Ne4 Qa5 24. Qb2 Qa3 25. Qxa3 Rxa3 26. Nc3 Rc8 27. Re3
h5 28. f5 h4 29. fxg6 Kxg6 30. Rd1 Rc7 31. Nb5 1-0

[Event "Titled Tue 24th Jun Late"]
[Site "chess.com INT"]
[Date "2025.06.24"]
[Round "1"]
[White "Maksimovic, Bojan"]
[Black "Sprenar, Petr"]
[Result "0-1"]
[WhiteTitle "IM"]
[BlackTitle "FM"]
[WhiteElo "2514"]
[BlackElo "2318"]
[WhiteFideId "14408120"]
[BlackFideId "397164"]
[EventDate "2025.06.24"]

1. b4 e5 2. Bb2 Bxb4 3. Bxe5 Nf6 4. Nf3 d5 5. c3 Be7 6. e3 O-O 7. Be2 c5 8. O-O
Nc6 9. Bg3 Bg4 10. Na3 Re8 11. Nc2 Ne4 12. Rb1 b6 13. Nfe1 Bxe2 14. Qxe2 d4 15.
cxd4 cxd4 16. f3 Nxg3 17. hxg3 dxe3 18. dxe3 Bc5 19. Nd3 Qe7 20. Nxc5 Qxc5 21.
Rfc1 Qd6 22. Rd1 Qxg3 23. Rb3 Rad8 24. Rbd3 Rxd3 25. Qxd3 Ne5 26. Qe4 Qg6 27.
Qxg6 hxg6 28. Nd4 f5 29. Nb5 Nc4 30. Nxa7 Rxe3 31. Nb5 Re2 32. Nc3 Rc2 33. Nd5
Rxa2 34. Nf4 Kf7 35. Rd7+ Kf6 36. Rb7 g5 37. Nd5+ Ke5 38. Nxb6 Ne3 39. Re7+ Kf4
40. Rxg7 Rxg2+ 41. Kh1 Kxf3 42. Nd7 Ng4 43. Ne5+ Nxe5 44. Ra7 Re2 45. Ra3+ Re3
46. Ra2 Ng4 47. Ra1 Nf2+ 48. Kh2 g4 49. Kg1 g3 50. Rb1 Nh3+ 51. Kh1 g2+ 52. Kh2
g1=Q+ 0-1

[Event "Titled Tue 24th Jun Late"]
[Site "chess.com INT"]
[Date "2025.06.24"]
[Round "1"]
[White "Badacsonyi, Stanley"]
[Black "Hindermann, Felix"]
[Result "1-0"]
[WhiteTitle "FM"]
[BlackTitle "FM"]
[WhiteElo "2300"]
[BlackElo "2289"]
[WhiteFideId "486973"]
[BlackFideId "1305212"]
[EventDate "2025.06.24"]

1. d4 e6 2. c4 b6 3. a3 Bb7 4. Nc3 f5 5. Nf3 Nf6 6. d5 g6 7. g3 Bg7 8. Bg2 O-O
9. O-O Na6 10. Bf4 Nc5 11. Rc1 a5 12. Nb5 d6 13. Be3 exd5 14. Ng5 h6 15. Bxc5
hxg5 16. Be3 Ne4 17. cxd5 Rf7 18. Bd4 a4 19. Bxg7 Kxg7 20. Bxe4 fxe4 21. Qd4+
Qf6 22. Qxf6+ Kxf6 23. Nxc7 Rc8 24. Nb5 Rxc1 25. Rxc1 Ke5 26. e3 Bxd5 27. Rd1
Bb3 28. Rxd6 Bc4 29. Rxb6 Bd3 30. Nc3 g4 31. Rxg6 Rb7 32. Nxa4 Kd5 33. Rg5+ Kc4
34. b4 Rc7 35. Rc5+ Rxc5 36. Nxc5 Kb5 37. Nxd3 exd3 38. Kf1 Kc4 39. Ke1 Kc3 40.
Kd1 d2 41. b5 Kd3 42. b6 Ke4 43. b7 Kf3 44. b8=Q Kg2 45. Qf4 Kxh2 46. Kxd2 Kg2
47. a4 Kh3 48. a5 Kg2 49. Qxg4 Kh2 50. a6 Kg2 51. a7 Kf1 52. Qf3 Kg1 53. a8=Q
Kh2 54. Qh1# 1-0

[Event "Titled Tue 24th Jun Late"]
[Site "chess.com INT"]
[Date "2025.06.24"]
[Round "1"]
[White "Bodrogi, Bendeguz"]
[Black "Vasquez Schroeder, Rodrigo"]
[Result "1-0"]
[WhiteTitle "FM"]
[BlackTitle "GM"]
[WhiteElo "2481"]
[BlackElo "2446"]
[WhiteFideId "790303"]
[BlackFideId "3400042"]
[EventDate "2025.06.24"]

1. e4 c5 2. Nc3 a6 3. Nf3 d6 4. d4 cxd4 5. Nxd4 Nf6 6. h3 e6 7. g4 h6 8. Bg2 Be7
9. h4 Nfd7 10. g5 hxg5 11. hxg5 Rxh1+ 12. Bxh1 Nc6 13. Nxe6 fxe6 14. Qh5+ Kf8
15. Be3 Qa5 16. O-O-O Nf6 17. Qh8+ Ng8 18. f4 Bd7 19. f5 Ne5 20. f6 gxf6 21. g6
Ng4 22. Bf3 e5 23. g7+ Kf7 24. Qh5+ Kxg7 25. Bxg4 Be8 26. Qh3 Bg6 27. Rg1 1-0

[Event "Titled Tue 24th Jun Late"]
[Site "chess.com INT"]
[Date "2025.06.24"]
[Round "1"]
[White "Soza de la Carrera, Jose"]
[Black "Brady, Tyson"]
[Result "0-1"]
[WhiteTitle "CM"]
[BlackTitle "CM"]
[WhiteElo "2221"]
[BlackElo "2170"]
[WhiteFideId "3401278"]
[BlackFideId "30970369"]
[EventDate "2025.06.24"]

1. d4 e6 2. c4 d5 3. g3 Nf6 4. Nf3 Be7 5. Bg2 O-O 6. O-O dxc4 7. Qc2 a6 8. Qxc4
b5 9. Qc2 Bb7 10. Bd2 Nbd7 11. Ba5 Rc8 12. Nbd2 Qe8 13. b4 Nb6 14. e4 Nc4 15.
Nxc4 Bxe4 16. Qc1 bxc4 17. Qxc4 Qb5 18. Rfc1 Nd5 19. Ne5 Bxg2 20. Kxg2 Bd6 21.
Nc6 Rfe8 22. a4 Qb7 23. Kg1 h5 24. Rab1 h4 25. Re1 h3 26. f3 Ne7 27. Rbc1 Nf5
28. Re4 Be7 29. Qf1 Bf6 30. Qxh3 Ne7 31. Nxe7+ Rxe7 32. Qf1 Rd7 33. Qc4 Rcd8 34.
Kg2 Rxd4 35. Rxd4 Rxd4 36. Qxc7 Rd2+ 37. Kh3 Qxf3 38. Qc8+ Kh7 39. Qc5 e5 40.
Qc8 Qh5# 0-1

[Event "Titled Tue 24th Jun Late"]
[Site "chess.com INT"]
[Date "2025.06.24"]
[Round "1"]
[White "Sharankov, Grigory"]
[Black "Ibarra Jerez, Jose Carlos"]
[Result "0-1"]
[WhiteTitle "CM"]
[BlackTitle "GM"]
[WhiteElo "2238"]
[BlackElo "2545"]
[WhiteFideId "4168356"]
[BlackFideId "2226332"]
[EventDate "2025.06.24"]

1. e4 c5 2. Nf3 e6 3. g3 Nc6 4. Bg2 Nf6 5. Qe2 e5 6. O-O Be7 7. c3 O-O 8. Na3
Re8 9. Nc4 Bf8 10. d3 h6 11. a4 d6 12. h3 Be6 13. Ne3 d5 14. Nd2 Qd7 15. Kh2
Rad8 16. exd5 Nxd5 17. Nxd5 Bxd5 18. Nf3 e4 19. dxe4 Bxe4 20. Be3 Bd3 21. Qd2
Bxf1 22. Qxd7 Rxd7 23. Rxf1 Na5 24. b4 cxb4 25. cxb4 Nc4 26. Bxa7 b6 27. Rc1
Rxa7 28. Rxc4 Rxa4 29. Rc7 Rxb4 30. Nd2 Re2 0-1

[Event "Titled Tue 24th Jun Late"]
[Site "chess.com INT"]
[Date "2025.06.24"]
[Round "1"]
[White "Hua, Lefong"]
[Black "Sjugirov, Sanan"]
[Result "0-1"]
[WhiteTitle "FM"]
[BlackTitle "GM"]
[WhiteElo "2305"]
[BlackElo "2635"]
[WhiteFideId "2602253"]
[BlackFideId "4189302"]
[EventDate "2025.06.24"]

1. d4 Nf6 2. c4 e6 3. Nc3 Bb4 4. f3 b5 5. cxb5 Nd5 6. Bd2 Qh4+ 7. g3 Qxd4 8.
Nxd5 exd5 9. Bxb4 Qxb4+ 10. Qd2 Qxd2+ 11. Kxd2 a6 12. e3 Ke7 13. bxa6 Bxa6 14.
Bxa6 Nxa6 15. Ne2 Rhb8 16. b3 Nb4 17. a3 Nc6 18. Rhb1 Ne5 19. Nd4 c5 20. f4 Ng4
21. Nf3 Nf6 22. Kc2 Ra6 23. Nd2 Ng4 24. Kd3 f5 25. h4 Nf2+ 26. Ke2 Ne4 27. Nxe4
fxe4 28. g4 Rab6 29. b4 cxb4 30. axb4 Rxb4 31. Rxb4 Rxb4 32. Ra5 Rb2+ 33. Ke1
Kd6 34. Ra6+ Kc5 35. Ra7 d4 36. Rxd7 d3 37. Rd4 Re2+ 38. Kd1 Rxe3 39. Rd7 Re2
40. f5 Kc4 41. Rxg7 Rf2 42. Rxh7 e3 43. Rc7+ Kd4 44. Rd7+ Ke4 45. Re7+ Kf3 46.
f6 Rf1# 0-1

[Event "Titled Tue 24th Jun Late"]
[Site "chess.com INT"]
[Date "2025.06.24"]
[Round "1"]
[White "Bilous, Mykhailo"]
[Black "Sanal, Vahap"]
[Result "0-1"]
[WhiteTitle "IM"]
[BlackTitle "GM"]
[WhiteElo "2419"]
[BlackElo "2564"]
[WhiteFideId "14127555"]
[BlackFideId "6300545"]
[EventDate "2025.06.24"]

1. d4 d5 2. c4 c6 3. e3 Nf6 4. Nf3 Bf5 5. Nc3 e6 6. Nh4 Bg6 7. Nxg6 hxg6 8. Qb3
Qc7 9. Bd2 Nbd7 10. O-O-O a5 11. Kb1 a4 12. Nxa4 dxc4 13. Bxc4 b5 14. Bxe6 fxe6
15. Qxe6+ Be7 16. Nc5 Nxc5 17. dxc5 Qd7 18. Qb3 Qf5+ 19. Ka1 Qxc5 20. Rc1 Qd5
21. Qxd5 cxd5 22. Rc7 Ne4 23. Be1 Bf6 24. f3 Nd6 25. Kb1 Nc4 26. b3 Nxe3 27. Bb4
Nxg2 28. Rhc1 Rxh2 29. Bd6 Nf4 0-1

[Event "Titled Tue 24th Jun Late"]
[Site "chess.com INT"]
[Date "2025.06.24"]
[Round "1"]
[White "Martinez, Leonard"]
[Black "Tatarinov, Dmitry"]
[Result "0-1"]
[BlackTitle "FM"]
[WhiteElo "2216"]
[BlackElo "2318"]
[WhiteFideId "2020572"]
[BlackFideId "24160067"]
[EventDate "2025.06.24"]

1. e4 c5 2. Nf3 d6 3. d4 cxd4 4. Nxd4 Nf6 5. Bd3 a6 6. c4 e6 7. O-O b6 8. Nc3
Bb7 9. Kh1 Nbd7 10. f4 Be7 11. Qf3 Rc8 12. Bd2 O-O 13. Rae1 Qc7 14. Qg3 Kh8 15.
e5 dxe5 16. fxe5 Nh5 17. Qh3 g6 18. Bh6 Nxe5 19. Bxf8 Rxf8 20. Be4 Nxc4 21. Bxb7
Qxb7 22. Nxe6 fxe6 23. Rxf8+ Bxf8 24. Qxe6 Nd6 25. Nd5 Nf5 26. Kg1 Bc5+ 27. Kh1
Nhg7 28. Qe5 h5 29. Nf4 Kh7 30. Qf6 Ne7 31. Qf7 Qc6 32. Ne6 Nf5 33. Re5 Be3 34.
Nf8+ Kh6 35. Qxg6+ Qxg6 36. Nxg6 Kxg6 37. h3 h4 38. Re4 a5 39. Rg4+ Kf6 40. Re4
Bc5 41. Rc4 Ne6 42. Rc2 Ned4 43. Rf2 Ke5 44. Rf4 Kxf4 0-1

[Event "Titled Tue 24th Jun Late"]
[Site "chess.com INT"]
[Date "2025.06.24"]
[Round "1"]
[White "Kawka, Milena"]
[Black "Kobalia, Mikhail"]
[Result "0-1"]
[WhiteTitle "WCM"]
[BlackTitle "GM"]
[WhiteElo "2003"]
[BlackElo "2538"]
[WhiteFideId "21095167"]
[BlackFideId "4119150"]
[EventDate "2025.06.24"]

1. Nf3 g6 2. e4 Bg7 3. d4 d6 4. Bd3 e5 5. c3 Nd7 6. O-O Ne7 7. a4 O-O 8. dxe5
dxe5 9. Be3 c6 10. a5 Qc7 11. Qe2 Re8 12. Nbd2 Nf8 13. Nc4 Ne6 14. b4 Nf4 15.
Bxf4 exf4 16. h3 Bxc3 17. Rab1 Bg7 18. Rfd1 Nd5 19. exd5 Rxe2 20. d6 Qd8 21.
Bxe2 Be6 22. b5 cxb5 23. Rxb5 Rc8 24. Nce5 b6 25. axb6 axb6 26. Rb4 Bf8 27. Rxf4
Rc5 28. Ng4 Bg7 29. d7 Rd5 30. Rxd5 Bxd5 31. Nfe5 h5 0-1

[Event "Titled Tue 24th Jun Late"]
[Site "chess.com INT"]
[Date "2025.06.24"]
[Round "1"]
[White "Salonen, Aku"]
[Black "Kjaergaard-Jensen, Jesper"]
[Result "1-0"]
[WhiteTitle "FM"]
[BlackTitle "CM"]
[WhiteElo "2330"]
[BlackElo "2081"]
[WhiteFideId "517577"]
[BlackFideId "1406990"]
[EventDate "2025.06.24"]

1. c4 Nf6 2. g3 d6 3. Bg2 c6 4. d4 e5 5. Nc3 Nbd7 6. Nf3 Be7 7. e4 Qc7 8. O-O h6
9. Re1 Nf8 10. c5 Ng6 11. cxd6 Qxd6 12. dxe5 Nxe5 13. Nxe5 Qxe5 14. f4 Bc5+ 15.
Kh1 Ng4 16. Qxg4 Qe7 17. Qf3 g5 18. e5 Bf5 19. fxg5 Be6 20. gxh6 O-O-O 21. Bf4
Bd4 22. Rad1 Qb4 23. Qe2 Bc4 24. Qc2 Bxc3 25. Qxc3 Qb5 26. a4 Qa6 27. Rxd8+ Rxd8
28. h7 Qxa4 29. e6 fxe6 30. Qe5 1-0

[Event "Titled Tue 24th Jun Late"]
[Site "chess.com INT"]
[Date "2025.06.24"]
[Round "1"]
[White "Jimenez Fernandez, Rebeca"]
[Black "Zieba, Hubert"]
[Result "0-1"]
[WhiteTitle "WFM"]
[BlackTitle "CM"]
[WhiteElo "2154"]
[BlackElo "2233"]
[WhiteFideId "32070934"]
[BlackFideId "21844704"]
[EventDate "2025.06.24"]

1. e4 c5 2. Nf3 Nc6 3. d4 cxd4 4. Nxd4 g6 5. c4 Nf6 6. Nc3 d6 7. f3 Nxd4 8. Qxd4
Bg7 9. Qe3 O-O 10. Be2 Be6 11. O-O Qa5 12. Bd2 Rfc8 13. b3 Nd7 14. Nd5 Qd8 15.
Rad1 Bxd5 16. exd5 a5 17. a4 Nc5 18. Bc3 Bxc3 19. Qxc3 Qb6 20. Qe3 Qxb3 21. Qxe7
Re8 22. Qxd6 Rxe2 23. Qxc5 Qc2 24. Qc7 Rxg2+ 25. Kh1 Re8 26. Rde1 Ree2 27. Rxe2
Qxe2 28. Rg1 Rf2 29. Qd8+ Kg7 30. Qd6 Qxf3+ 31. Rg2 Rf1# 0-1

[Event "Titled Tue 24th Jun Late"]
[Site "chess.com INT"]
[Date "2025.06.24"]
[Round "1"]
[White "Tica, Sven"]
[Black "Chen, Yidong"]
[Result "1-0"]
[WhiteTitle "IM"]
[WhiteElo "2442"]
[BlackElo "2074"]
[WhiteFideId "14526948"]
[BlackFideId "8607028"]
[EventDate "2025.06.24"]

1. Nf3 Nf6 2. g3 c5 3. Bg2 Nc6 4. O-O g6 5. d3 d5 6. Nbd2 Bg7 7. e4 e5 8. Re1
O-O 9. h3 Re8 10. c3 b6 11. Qc2 Bb7 12. Nf1 Rc8 13. Bg5 d4 14. Bxf6 Qxf6 15. c4
Rb8 16. a3 a5 17. N1d2 Rf8 18. Rf1 Qd6 19. Rae1 h6 20. Nh4 Rbe8 21. Qd1 Bc8 22.
f4 f5 23. exf5 gxf5 24. Bd5+ Kh7 25. Qf3 Bd7 26. Qh5 exf4 27. gxf4 Rxe1 28. Rxe1
Ne7 29. Rxe7 Qxe7 30. Ndf3 Be8 31. Ng5+ Qxg5+ 32. Qxg5 hxg5 33. fxg5 Bg6 34. Kf2
f4 35. Kf3 Bxd3 36. Kg4 Be2+ 37. Nf3 Bxf3+ 38. Kxf3 d3 39. Be4+ Kh8 40. Bxd3
Bxb2 41. a4 Bd4 42. h4 Kg7 43. h5 Be3 44. h6+ Kg8 45. Be4 Rd8 46. g6 Rd4 47. Bf5
Bc1 48. Be6+ Kf8 49. g7+ Ke7 50. g8=Q 1-0

[Event "Titled Tue 24th Jun Late"]
[Site "chess.com INT"]
[Date "2025.06.24"]
[Round "1"]
[White "Swara Lakshmi S Nair"]
[Black "Plichta, Kamil"]
[Result "0-1"]
[WhiteTitle "WCM"]
[BlackTitle "FM"]
[WhiteElo "2187"]
[BlackElo "2361"]
[WhiteFideId "25629239"]
[BlackFideId "1141830"]
[EventDate "2025.06.24"]

1. e4 g6 2. d4 Bg7 3. Nc3 c5 4. Nf3 Qa5 5. Be3 Nf6 6. Qd2 Nc6 7. h3 cxd4 8. Nxd4
Nxd4 9. Bxd4 Nxe4 10. Nxe4 Qxd2+ 11. Kxd2 Bxd4 12. Bc4 Bxb2 13. Rae1 O-O 14. c3
Ba3 15. h4 d5 16. Bxd5 Rd8 17. c4 Bb4+ 18. Kc2 Bxe1 19. Rxe1 e6 20. Nf6+ Kg7 21.
Ng4 exd5 22. f3 Bxg4 23. fxg4 Rac8 24. Rb1 Rxc4+ 25. Kd3 b6 26. g5 Rxh4 27. g3
Rg4 28. Ke3 Re8+ 29. Kf2 Ra4 30. Kg2 Rxa2+ 31. Kh3 Re3 32. Rh1 Raa3 33. Kh4 d4
34. Rh2 d3 35. g4 Re4 36. Re2 Rxg4+ 37. Kxg4 dxe2 38. Kh4 e1=Q+ 39. Kg4 Qg3# 0-1